000
00325nam a22001337a 4500
008
190129b xxu||||| |||| 00| 0 eng d
020
_a
978146090368
041
_a
eng
080
_a
101
100
_a
24
101
_a
FIL
245
_a
Discourse on Method & Meditations on First Philosophy
_c
Desecartes,R
942
_2
udc
_c
BK
999
_c
53819
_d
53819